LEADER 01314nam0 22002771i 450 001 UON00324114 005 20231205104152.894 010 $a978-84-8026-345-0 100 $a20090603d2007 |0itac50 ba 101 $aspa$aENG 102 $aES 105 $a|||| 1|||| 200 1 $aAndy Goldsworty$een las entrañas del árbol$e[exposition en] Palacio de Cristal, Parque del Retiro, Madrid 2 octubre 2007-21 enero 2008$f[coord. Rafael García Horrillo] 210 $a [Madrid]$cMuseo Nacional Centro de Arte Reina Sofía$d[c2007] 215 $a195 p.$cin gran parte ill$d24 cm. 316 $aDono Ministerio de Cultura de Madrid. Secretaría General Técnica$5IT-UONSI SPAM/211 620 $aES$dMadrid$3UONL000218 700 1$aGOLDSWORTHY$bAndy$3UONV184671$0699642 702 1$aGARCIA HORRILLO$bRafael$3UONV184669 712 $aMuseo Nacional Centro de Arte Reina Sofía$3UONV275313$4650 801 $aIT$bSOL$c20240220$gRICA 899 $aSIBA - SISTEMA BIBLIOTECARIO DI ATENEO$2UONSI 912 $aUON00324114 950 $aSIBA - SISTEMA BIBLIOTECARIO DI ATENEO$dSI SPA M 211 $eSI LO 72561 5 211 Dono Ministerio de Cultura de Madrid. Secretaría General Técnica 996 $aAndy Goldsworty$91371711 997 $aUNIOR